000 02266nam a2200445Ia 4500
001 dia_5762
003 CHAP
005 20240322093133.0
007 ta
008 220117s2009 mx bdfof 001 0 spa d
040 _cCHAP
_amxchpua
090 _aT.C.515
_bM45 EIUPA
_c2009
245 1 0 _aChocolates Finos San José, S. C. de R. L. /
_ccoordinadores Amilcar Renan Mejenes Quijano y Diana América Reyna Izaguirre ; colaboradores Héctor Bruno Amador...[y otros]
260 _aMéxico :
_bEl autor,
_c2009
300 _avii, 112 hojas :
_bilustraciones, tablas, gráficas, mapas, planos, fotos
336 _2rdacontent
_atxt
_btexto
337 _2rdamedia
_ano mediado
_bn
338 _2rdacarrier
_avolumen
_bnc
500 _aGrado: 7° año Grupo: 01
502 _aViaje de estudios
_b(EIUPA) --
_cUACh. Departamento de Ingeniería Agroindustrial,
_d2009
504 _aBibliografía: hoja 70
505 0 0 _aContiene 4 planos : -- 1.Plano distribución de áreas (Esc. 1:100) -- 2.Plano distribución de equipo (Esc. 1:100) -- 3.Plano de distribución hidráulica (Esc. 1:100) -- 4.Diagrama de flujo de proceso
650 1 3 _aChocolate
_922816
650 1 3 _aProductos de cacao
_9159339
650 1 3 _aCocoa products
_9150295
700 1 _aMejenes Quijano, Amilcar Renán
_9147387
_ecoordinador
700 1 _aReyna Izaguirre, Diana América
_9147338
_ecoordinadora
700 1 _aBruno Amador, Héctor
_9126468
_ecolaborador
856 4 2 _uhttp://10.13.5.2/ve/TC515EIUPA/TC515EIUPA2009-PLANO-DIAGRAMADEFLUJO.pdf
_yDESCARGAR PLANO DE DIAGRAMA DE FLUJO
856 4 2 _uhttp://10.13.5.2/ve/TC515EIUPA/TC515EIUPA2009-PLANO-DISTRIBUCIONDEAREAS.pdf
_yDESCARGAR PLANO DE DISTRIBUCIÓN DE ÁREAS
856 4 2 _uhttp://10.13.5.2/ve/TC515EIUPA/TC515EIUPA2009-PLANO-DISTRIBUCIONDEEQUIPO.pdf
_yDESCARGAR PLANO DE DISTRIBUCIÓN DE EQUIPO
856 4 2 _uhttp://10.13.5.2/ve/TC515EIUPA/TC515EIUPA2009-PLANO-DISTRIBUCIONHIDRAULICA.pdf
_yDESCARGAR PLANO DE DISTRIBUCIÓN HIDRAHULICA
856 4 2 _uhttp://10.13.5.2/ve/TC515EIUPA/TC515EIUPA2009-REPORTE.pdf
_yDESCARGAR REPORTE
901 _aT.C.515 M45 EIUPA 2009
902 _aM
905 _a5232272009 mx edml8223123322spa16
942 _2local
942 _cVE
999 _c176696
_d176696